| 000 | 01263nam a2200229Ia 4500 | ||
|---|---|---|---|
| 999 |
_c38764 _d38764 |
||
| 001 | 5100 | ||
| 003 | GE_BSU | ||
| 005 | 20190612142617.0 | ||
| 008 | 181216s||||||||xx |||||||||||||| ||und|| | ||
| 040 | _cGE_BSU | ||
| 041 | _ageo | ||
| 080 | _a629.113-52(075.8) ქ-20 | ||
| 100 |
_aქოჩიაშვილი, ი. _92442 |
||
| 245 |
_aსაწარმოო პროცესების მექანიზაცია და ავტომატიზაცია ავტოსატრანსპორტო საწარმოებში : _bსახელმძღვ. / _cი. ქოჩიაშვილი ; რედ. ი. გოგუაძე. |
||
| 264 |
_aთბილისი : _bგანათლება, _c1981. |
||
| 300 |
_a230 გვ. : _bილ.; _c22 სმ. |
||
| 504 | _aბიბლიოგრ. : გვ. 228-229. | ||
| 653 | _aსაწარმოო პროცესების მექანიზაცია და ავტომატიზაცია ავტოსატრანსპორტო საწარმოებში | ||
| 653 | _aსაწარმოო პროცესები | ||
| 700 |
_aგოგუაძე. ი. _eრედაქტორი _92443 |
||
| 942 |
_cBK _2udc |
||